Asociaciones municipales: lecciones y aprendizajes orientadores para una política de fortalecimiento
Salvato in:
| Enti autori: | , |
|---|---|
| Natura: | Libro |
| Lingua: | spagnolo |
| Pubblicazione: |
Santiago
Subsecretaría de Desarrollo Regional y Administrativo
2008
|
| Soggetti: | |
| Tags: |
Aggiungi Tag
Nessun Tag, puoi essere il primo ad aggiungerne!!
|
MARC
| LEADER | 00000nam a2200000 a 4500 | ||
|---|---|---|---|
| 001 | UCH1270 | ||
| 003 | CL-VaPUC | ||
| 008 | 090416e20080000CL |||||||||||||||||spa|d | ||
| 082 | 0 | 4 | |a 352.16 |b SUB |2 21 |
| 110 | 2 | |a Subsecretaría de Desarrollo REgional y Administrativo |e author |9 535676 | |
| 710 | 2 | |a Ministerio del Interior |e author |9 535677 | |
| 245 | 1 | 0 | |a Asociaciones municipales: lecciones y aprendizajes orientadores para una política de fortalecimiento |
| 300 | |a 110 p | ||
| 942 | |c BK | ||
| 945 | |d 20090416 00:00:00 |a rbrito | ||
| 260 | |a Santiago |b Subsecretaría de Desarrollo Regional y Administrativo |c 2008 | ||
| 600 | 0 | 7 | |a ASOCIACIONES DE MUNICIPALIDADES DE CHILE |2 CL-VaPUC |9 535678 |
| 650 | 0 | |a Desarrollo económico |9 259599 | |
| 650 | 0 | |a Municipalidades |9 255557 | |
| 650 | 7 | |a PLANIFICACION |2 CL-VaPUC |9 260802 | |
| 650 | 0 | |a Gestión administrativa |9 375217 | |
| 651 | 7 | |a CHILE |2 CL-VaPUC |9 535679 | |
| 583 | |a last modification |c 20090416 00:00:00 |k Rodrigo Vera | ||
| 999 | |c 333324 |d 333322 | ||
| 952 | |0 0 |1 0 |4 0 |6 352_160000000000000_SUB_2008 |7 0 |8 A |9 421655 |a BIBGIM |b BIBGIM |d 2019-11-22 |i 453879K |o 352.16 SUB 2008 |p 453879K |r 2025-01-15 |w 2019-11-22 |y BK |k SSL | ||